Culture Générale - Série 424 - Statistiques

Statistiques générales
  • Ce quiz a été pris 629 fois
    618 depuis la dernière actualisation
  • Le résultat moyen est 7 sur 10
Statistiques - réponses
Question Réponse % Correct
Combien une pieuvre a-t-elle de tentacules ? 8
97%
En navigation, quel est le contraire de tribord ? En navigation, quel est le contraire de tribord ? Bâbord
97%
Quel film a révélé Sophie Marceau au grand public en 1980 ? La Boum
86%
C'est à la périphérie de la ville bretonne de Carhaix que se tient en 2009 le Festival des Vieilles... Charrues
83%
Dans les milieux mafieux l'omerta est le nom donné à "la loi du... Silence
73%
Comment se prénommait la brebis clonée à partir de cellules adultes, née en 1996 ? Dolly
72%
Selon la légende, quel échassier est renommé pour apporter les bébés ? La cigogne
62%
Quel journaliste littéraire animait "Apostrophes" et "Bouillon de culture" ? Bernard Pivot
60%
Quel roi du funk est surnommé le "Kid de Minneapolis" ou encore "le nain pourpre" ? Prince
51%
A quel DJ français doit-on le tube "Love Generation", ancien générique de la Star Academy ? Bob Sinclar
49%
Aucun quiz correspondant
Distribution des résultats
% des personnes avec chaque résultat
Percentile par nombre de réponses
Votre historique - résultats
Vous n’avez pas pris ce quiz depuis la dernière actualisation